AI-assisted side-channel attacks

Saved in:
Bibliographic Details
Main Author: Todorović, Miroslav (Author)
Other Authors: Hou, Xiaolu (Thesis advisor)
Format: Manuscript Book
Language:Slovak
English
Published: 2025
Subjects:
Online Access:http://is.stuba.sk/zp/portal_zp.pl?podrobnosti=183620
Tags: Add Tag
No Tags, Be the first to tag this record!

MARC

LEADER 00000ntm a22000003a 4500
001 stuzp105878
003 SK-STU
005 20250607211930.1
007 ta
008 150427s2015----xo-----f-mn---000-0-slo-d
040 |a STU  |b slo 
041 0 |a eng 
100 1 |a Todorović, Miroslav  |u 070400  |4 aut  |U FIIT Fakulta informatiky a informačných technológií  |T FIIT Ústav počítačového inžinierstva a aplikovanej informatiky  |X 103163  |U I400  |Y 672  |7 103163 
242 0 1 |a Útoky bočnými kanálmi s podporou umelej inteligencie  |y slo 
245 1 0 |a AI-assisted side-channel attacks 
260 |c 2025 
650 4 |a Power Trace Analysis  |2 eng 
650 4 |a Deep Learning for Cryptanalysis  |2 eng 
650 4 |a Side-Channel Attacks (SCA)  |2 eng 
650 4 |a Analýza výkonových stôp  |2 slo 
650 4 |a Útoky postrannými kanálmi (SCA)  |2 slo 
650 4 |a Hlboké učenie v kryptanalýze  |2 slo 
700 1 |a Hou, Xiaolu  |u 070400  |k Z2  |4 ths  |U FIIT Fakulta informatiky a informačných technológií  |T FIIT Ústav počítačového inžinierstva a aplikovanej informatiky  |X 114118  |U I400  |Y 672  |7 114118 
856 4 |u http://is.stuba.sk/zp/portal_zp.pl?podrobnosti=183620